Disguise - Motionless in White - Statistics

General Stats
  • This quiz has been taken 8 times
  • The average score is 228 of 331
Answer Stats
% Correct
disguise
100%
I
100%
I,
100%
in
100%
my
100%
a
80%
alive
80%
But
80%
but
80%
by
80%
face
80%
find
80%
found
80%
from
80%
Get
80%
get
80%
(Get
80%
hid
80%
home
80%
hope
80%
I'm
80%
losing
80%
lost
80%
myself
80%
Now
80%
out,
80%
out
80%
stay
80%
the
80%
This
80%
this
80%
to
80%
way
80%
With
80%
Am
60%
am
60%
box
60%
built
60%
call
60%
can
60%
can't
60%
desperate
60%
(Desperate
60%
don't
60%
doubt,
60%
down
60%
for
60%
forever
60%
Fuck!
60%
Fuck
60%
fucking
60%
go,
60%
go)
60%
go
60%
hide
60%
inside
60%
is
60%
let
60%
lies
60%
lies)
60%
locked
60%
me
60%
me?
60%
measures
60%
Mirror,
60%
mirror,
60%
never
60%
never)
60%
not
60%
of
60%
or
60%
own
60%
Reassured
60%
remember
60%
see
60%
Spiraling
60%
tell
60%
up,
60%
up!
60%
want
60%
was
60%
who
60%
within
60%
you
60%
You
60%
your
60%
anger
40%
answers
40%
become
40%
burns
40%
bury
40%
design
40%
Dig
40%
digging
40%
every
40%
eyes
40%
fate
40%
fear
40%
Fear
40%
figure
40%
fire
40%
follow,
40%
here
40%
hiding
40%
mask
40%
mask,
40%
method
40%
mistakes
40%
motherfucker
40%
pain
40%
put
40%
ready
40%
sadness,
40%
safe
40%
Sick
40%
sorrow
40%
that
40%
That
40%
time
40%
together
40%
truth
40%
turn
40%
wearing
40%
we're
40%
while
40%
will
40%
borrowed
20%
co-dependent
20%
silence
20%
spite
20%
vice
20%
sold
0%
soul
0%
No matching quizzes found
Score Distribution
Percent of People with Each Score
Percentile by Number Answered
Your Score History
You have not taken this quiz